| 000 | 00967nam a22003497a 4500 | ||
|---|---|---|---|
| 001 | |||
| 003 | DO-SdBNP | ||
| 005 | 20221003101457.0 | ||
| 007 | 0075 | ||
| 008 | 151103b12004 sp 00| 0 spa d | ||
| 020 | _a8467411937 | ||
| 040 |
_aBPMSU _bspa _cBPMSU |
||
| 082 |
_a813.5 _bH749S 2004 _2 22 |
||
| 092 |
_a _b |
||
| 100 | 1 |
_a _d _c |
|
| 240 | _a | ||
| 245 | 1 | 4 |
_aEl último merovingio ; _bnovela / _cJim Hougan ; traducción de Sofía Coca y Roger Vázquez de Parga. |
| 250 | _a | ||
| 260 |
_aBarcelona : _bPlaneta, _c2004 |
||
| 300 |
_a377 p. ; _c23 cm. _b |
||
| 490 | 0 | _a Misterios y enigmas de la historia | |
| 504 | _a | ||
| 534 |
_aTítulo original : _tKingdom come.Kingdom come. |
||
| 590 | _aInventariado, 2022/VM | ||
| 650 | 4 | _aNovela estadounidense | |
| 650 | 4 | _aNovela policíaca. | |
| 700 | 1 |
_aVázquez de Parga, Roger, _etr. |
|
| 700 | 1 |
_aCoca, Sofía, _etr. |
|
| 830 | 0 | 0 | _a |
| 910 | _aVMateo V. /Validado | ||
| 942 |
_2ddc _cBK |
||
| 999 |
_c14290 _d14290 |
||